| 000 | 01875 a2200217 4500 | ||
|---|---|---|---|
| 003 | NUST | ||
| 005 | 20230711092800.0 | ||
| 010 | _a 00031382 | ||
| 040 | _cNust | ||
| 082 | 0 | 0 | _a530,GIA |
| 100 | 1 |
_aGiancoli, Douglas C. _962916 |
|
| 245 | 1 | 0 |
_aPhysics for scientists & engineers with modern physics / _cDouglas C. Giancoli. |
| 246 | 3 | _aPhysics for scientists and engineers with modern physics | |
| 250 | _a3rd ed. | ||
| 260 |
_aUpper Saddle River, N.J. : _bPrentice Hall, _cc2000. |
||
| 300 |
_a1172p,. (various pagings) : _bill. (some col.) ; _c28 cm. |
||
| 505 | _aIntroduction, Measurement, Estimating (Page-1), Describing Motion (Page-16), Kinematics in Two Dimensions (Page-45), Dynamics : Newton’s laws of Motion (Page-77), Further Applications of Newton’s Laws (Page-106), Gravitation and Newton’s Synthesis (Page-133), Work and Energy (Page-155), Conservations of Energy(Page-176), inear Momentum and Collisions (Page-206), Rotational Motion About A Fixed Axis (Page-239), General Rotation (Page-279), Static Equilibrium (Page-300), Fluids (Page-332), Oscillations (Page-362), Wave Motion (Page-388), Sound (Page-417),Temperature (Page-445), Kinetic theory of Gases (Page-466), Electric Charge and Electric Field (Page-545), Gauss’s Law (Page-575), Electric Currents (Page-634), DC Circuits (Page-658), Magnetism (Page-686), Source of Magnetics Field (Page-709),Electromagnetic Induction (Page-734), Inductance (Page-756), Light (Page-810), Lenses (Page-836), Wave Nature of Light (Page-866), Diffraction (Page-887), Special Theory of Relativity (Page-916), Early quantum Theory (Page-949), Molecules and Solids (Page-1030), Nuclear Physics (Page-1061), Nuclear Energy (Page-1085), Elementary Particles (Page-1114), Astrophysics and Cosmology (Page-1140). | ||
| 650 | 0 | _aPhysics. | |
| 700 | 1 |
_aGiancoli, Douglas C. _962916 |
|
| 942 |
_2ddc _cBK _k530,GIA |
||
| 999 |
_c178462 _d178462 |
||